| 000 | 00714nam a2200193 u 4500 | ||
|---|---|---|---|
| 001 | 000798533 | ||
| 003 | AM-YEHGA | ||
| 005 | 20250617164158.0 | ||
| 008 | 110324s1962 ||||||||||||||||||||rus|c | ||
| 040 | _aAM-YeHGA | ||
| 041 | 0 | _arus | |
| 100 | 1 | _aКараеров, Пантелеймон Георгиевич | |
| 245 | 1 | 0 |
_aБезвысадочный способ выращивания семян сахарной свеклы / _cП.Г. Караеров, И.А. Шутенко. |
| 260 |
_aМосква : _bСельхозиздат, _c1962. |
||
| 300 |
_a64 с. : _bил. ; _c20 см. |
||
| 650 | 1 | 4 | _aСахарная свекла |
| 700 | 1 | _aШутенко, Иван Антонович | |
| 090 | _c522656 | ||
| 999 |
_c519094 _d519094 |
||